000 00311nam a2200133Ia 4500
008 240624s9999 xx 000 0 und d
041 _aeng
082 _a330 KAH
100 _aKAHNEMAN DANIEL
245 _aTHINKING FAST AND SLOW
260 _c2011
_aNew Delhi
_bAllen Lane
300 _a512 : p.
365 _cRS
999 _c22204
_d22204